Normal view
MARC view
- Reed-Hill, Robert E
Entry Personal Name
001 - CONTROL NUMBER
- control field: 45196
003 - CONTROL NUMBER IDENTIFIER
- control field: NUST
005 - DATE AND TIME OF LATEST TRANSACTION
- control field: 20210314133200.0
008 - FIXED-LENGTH DATA ELEMENTS
- fixed length control field: 210314|| aca||aabn | a|a d
040 ## - CATALOGING SOURCE
- Original cataloging agency: NUST
- Transcribing agency: NUST
100 ## - HEADING--PERSONAL NAME
- Personal name: Reed-Hill, Robert E
670 ## - SOURCE DATA FOUND
- Source citation: Work cat.: (NUST): Reed-Hill, Robert E., Physical metallurgy principles, [1972, c1973]
